Hướng dẫn giải bài tập toán cao cấp cho các nhà kinh tế
Đã lưu trong:
| Tác giả chính: | |
|---|---|
| Định dạng: | Sách |
| Năm xuất bản: |
H
Đại học kinh tế quốc tế
2007
|
| Chủ đề: | |
| Tags: |
Thêm thẻ
Không có thẻ, Hãy là người đầu tiên gắn thẻ bản ghi này!
|
| LEADER | 00796nam a2200181 4500 | ||
|---|---|---|---|
| 082 | |a 510.76 |b NG527H | ||
| 100 | |a Nguyễn Huy Hoàng | ||
| 245 | |a Hướng dẫn giải bài tập toán cao cấp cho các nhà kinh tế |c Nguyễn Huy Hoàng | ||
| 260 | |a H |b Đại học kinh tế quốc tế |c 2007 | ||
| 300 | |a 142tr |c 21cm. | ||
| 520 | |a | ||
| 653 | |a Toán học | ||
| 653 | |a Toán cao cấp | ||
| 653 | |a Giải bài tập | ||
| 942 | |2 ddc |c STK0 | ||
| 999 | |c 9954 |d 9954 | ||
| 952 | |0 0 |1 0 |2 ddc |4 0 |6 510_760000000000000_NG527H |7 0 |8 500 |9 78182 |a qbu |b qbu |c D3 |d 2015-07-15 |g 15000 |o 510.76 NG527H |p 10289.c1 |r 0000-00-00 |w 2015-07-15 |y SH | ||
| 952 | |0 0 |1 0 |2 ddc |4 0 |6 510_760000000000000_NG527H |7 0 |8 500 |9 93417 |a qbu |b qbu |c D3 |d 2015-09-11 |g 15000 |l 1 |m 1 |o 510.76 NG527H |p 10289.C2 |r 2016-05-16 |s 2016-03-28 |w 2015-09-11 |y STK0 | ||